Statistics for MLB home run leaders by team 2016

Click here to take the quiz!

General Stats

  • This quiz has been taken 60 times
  • The average score is 12 of 30

Answer Stats

HintAnswer% Correct
1Baltimore Orioles47Mark Trumbo
87%
2Seattle Mariners43Nelson Cruz
87%
6Colorado Rockies41Nolan Arenado
82%
5Toronto Blue Jays42Edwin Encarnacion
80%
9Chicago Cubs39Kris Bryant
76%
11Boston Red Sox38David Ortiz
73%
3Oakland Athletics42Khris Davis
73%
4Minnesota Twins42Brian Dozier
71%
12Tampa Bay Rays36Evan Longoria
67%
10Detroit Tigers38Miguel Cabrera
67%
19Los Angeles Angels31Albert Pujols
49%
7Milwaukee Brewers41Chris Carter
49%
8Chicago White Sox40Todd Frazier
49%
14Cleveland Indians34Mike Napoli
42%
13Atlanta Braves35Matt Kemp
38%
25Miami Marlins27Giancarlo Stanton
36%
16Cincinnati Reds33Adam Duvall
31%
18Houston Astros32Evan Gattis
31%
15New York Mets33Jay Bruce
27%
28Pittsburgh Pirates24Andrew McCutchen
24%
30San Francisco Giants17Brandon Belt
24%
17Texas Rangers33Rougned Odor
24%
20Arizona Diamondbacks31Yasmany Tomas
13%
22Kansas City Royals30Kendrys Morales
11%
21St.Louis Cardinals30Jedd Gyorko
4%
27Washington Nationals25David Murphy
2%
26Philedelphia Phillies25Maikel Franco
2%
29New York Yankees21Starlin Castro
2%
23San Diego Padres28Wil Myres
0%
24Las Angeles Dodgers27Yasmani Grandal
0%

Score Distribution

Percentile by Number Answered

Percent of People with Each Score

Your Score History

You have not taken this quiz